00515 2200193 4500001002100000005001500021035002000036007000300056008004100059020002200100082000800122084001400130100001700144245008000161250001000241260003500251300002500286990001000311INLIS00000000000061220171011100846 a0010-1017000166ta171011 d 0 ind  a978-602-03-2493-7 a297 a297 JON s0 aJonih Rahmat1 aSayangi yang dibumi engkau akan dikasihi oleh yang dilangit /cJonih Rahmat aCet.1 aJakarta :bPT. Gramedia,c2014 a211hlm ;c14 x 20 cm a15653